Hearings on National Defense Authorization Act for fiscal year 2000--H.R. 1401 and oversight of previously authorized programs, before the Committee on Armed Services, House of Representatives, One Hundred Sixth Congress, first session : Military Procurement Subcommittee on Title 1--Procurement : hearings held February 24, and March 9, 1999.

Bibliographic Details
Corporate Authors: United States. Congress. House. Committee on Armed Services. Subcommittee on Military Procurement, ProQuest (Firm)
Format: Government Document eBook
Language:English
Published: Washington : U.S. G.P.O. : 2000.
Series:U.S. Congressional Hearings.
Subjects:
Online Access:Connect to the full text of this electronic book

MARC

Tag First Indicator Second Indicator Subfields
LEADER 00000cam a22000001a 4500
001 in00003249366
006 m d f
007 cr bn mmmapmmp
008 090922s2000 dcua ob f000 0 eng d
005 20260511195905.2
035 |a cis2007470915 
040 |a UMI  |c UMI  |d UtOrBLW 
043 |a n-us--- 
074 |a 1012-C-01 
074 |a 1012-D-01 (MF) 
086 0 |a Y 4.AR 5/2 A:999-2000/3 
088 |a H.A.S.C. no. 106-3 
099 |a HRG-1999-ASH-0024 
110 1 |a United States.  |b Congress.  |b House.  |b Committee on Armed Services.  |b Subcommittee on Military Procurement. 
245 1 0 |a Hearings on National Defense Authorization Act for fiscal year 2000--H.R. 1401 and oversight of previously authorized programs, before the Committee on Armed Services, House of Representatives, One Hundred Sixth Congress, first session :  |b Military Procurement Subcommittee on Title 1--Procurement : hearings held February 24, and March 9, 1999. 
264 1 |a Washington :  |b U.S. G.P.O. :  |c 2000. 
264 2 |a Washington :  |b [Congressional Sales Office, Supt. of Docs., U.S. G.P.O., distributor], 
300 |a 1 online resource. 
336 |a text  |b txt  |2 rdacontent 
337 |a computer  |b c  |2 rdamedia 
338 |a online resource  |b cr  |2 rdacarrier 
500 |a Record is based on bibliographic data in ProQuest Congressional Hearings Digital Collection. Reuse except for individual research requires license from ProQuest, LLC. 
504 |a Includes bibliographical references. 
538 |a System requirements: PDF reader software. 
500 |a Electronic resource. 
610 1 0 |a United States.  |b Department of Defense  |x Appropriations and expenditures. 
651 0 |a United States  |x Armed Forces  |x Appropriations and expenditures. 
651 0 |a United States  |x Armed Forces  |x Procurement. 
655 7 |a Electronic books.  |2 local 
710 2 |a ProQuest (Firm) 
776 0 8 |i Print version:  |a United States. Congress. House. Committee on Armed Services. Subcommittee on Military Procurement.  |t Hearings on National Defense Authorization Act for fiscal year 2000--H.R. 1401 and oversight of previously authorized programs, before the Committee on Armed Services, House of Representatives, One Hundred Sixth Congress, first session  |w (DLC)00328817  |w (OCoLC)ocm45036962 
776 0 8 |i Microfiche version:  |a United States. Congress. House. Committee on Armed Services. Subcommittee on Military Procurement.  |t Hearings on National Defense Authorization Act for fiscal year 2000--H.R. 1401 and oversight of previously authorized programs, before the Committee on Armed Services, House of Representatives, One Hundred Sixth Congress, first session.  |d [Bethesda, Md.] : ProQuest,[2004]  |o CIS 00 H201-33  |w (ProQuest)cis00000138 
830 0 |a U.S. Congressional Hearings. 
856 4 0 |u http://proxy.library.tamu.edu/login?url=https://congressional.proquest.com/congcomp/getdoc?HEARING-ID=HRG-1999-ASH-0024  |z Connect to the full text of this electronic book  |t 0 
998 |a cis00000138 
999 |a MARS 
999 f f |s aca68483-5731-3289-a377-66f7330e73bc  |i 86a36f46-a51a-375e-9e54-1d9842cd4529  |t 0 
952 f f |a Texas A&M University  |b College Station  |c Electronic Resources  |s www_evans  |d Available Online  |t 0  |e HRG-1999-ASH-0024  |h Other scheme 
998 f f |a HRG-1999-ASH-0024  |t 0  |l Available Online